000 01047cam a2200277 4500
008 #DATE n2000 000 0 eng u
020 _a0922154627
035 _a(Sirsi) u116921
041 _aeng
050 _a333.3320973
110 _aAppraisal Institute
_92987
245 4 _aThe appraisal of rural property.
250 _a2nd ed.
260 _aChicago
_bAppraisal Institute
_c2000
300 _aviii,525p.
_c27cm.
350 _a55
520 _aAims to promote an understanding of the changes that continue to occur in rural property markets and to provide readers with the most current analytical tools and techniques for valuing all types of rural properties. Includes detailed analyses of selected special-purpose properties.
650 _aFARM LAND
650 _aRURAL AREAS
650 _aUNITED STATES OF AMERICA
650 _aValuation
_96273
650 _aRURAL PROPERTY
690 _aPROPERTY-PROPERTY APPRAISAL AND VALUATION
710 _aAmerican Society of Farm Managers and Rural Appraisers
_94038
942 _n0
999 _c101914
_d101914